000 00698nam a2200241 a 4500
001 576
003 BR-CuiBMT
005 20231109203640.0
008 231109s2007 mgb 001 0 por d
020 _a9788577000494
040 _aBR-CuiBMT
_cBR-CuiBMT
080 _22007
_a342.9
090 _a342.9
_bB117d
100 1 _aBacellar Filho, Romeu Felipe
245 _aDireito administrativo e o novo código civil /
_cRomeu Felipe Bacellar Filho.
260 _aBelo Horizonte :
_bFórum,
_c2007.
300 _a276 p.:
_c22 cm
504 _aInclui índice e bibliografia.
650 _aDireito administrativo
650 _aDireito civil
650 _aAdministração pública
942 _2udc
_cLV
999 _c576
_d576